| 000 | 00803nmm a2200265 a 4500 | ||
|---|---|---|---|
| 001 | ocm000701500 | ||
| 003 | TR-IsHL | ||
| 005 | 20201028140900.0 | ||
| 008 | 131219s1998 tu tur | ||
| 007 | cr cn | ||
| 035 |
_a701500 _b(N$T) |
||
| 050 | 0 | 4 |
_aQP33 _b.O94 1998 |
| 090 | 0 | 4 |
_aQP33 _b.O94 1998 |
| 100 | 1 | _aÖzgüden, Turgut | |
| 245 | 1 | 0 |
_aAnotomi ve fizyoloji _h[electronic resource] / _cTurgut Özgüden ; Bahri Yıldız |
| 260 |
_aBursa : _bEzgi Kitabevi, _c1998 |
||
| 300 | _a118 p. | ||
| 650 | 4 | _aTıp | |
| 650 | 4 | _aMedicine | |
| 650 | 0 | _aHayvan fizyolojisi | |
| 650 | 0 | _aAnimal physiology | |
| 650 | 7 |
_aNATURE / Animals / General _2bisacsh |
|
| 700 | 1 | _aYıldız, Bahri | |
| 856 | 4 | 0 | _uhttp://search.ebscohost.com/login.aspx?direct=true&scope=site&db=e011xww&AN=701500 |
| 999 |
_c7520 _d7520 |
||